Qué significa -estadísticamente significativo-?: la falacia del criterio del 5 por ciento en la investigación científica
Đã lưu trong:
| Những tác giả chính: | , |
|---|---|
| Định dạng: | Sách |
| Ngôn ngữ: | Tiếng Tây Ban Nha |
| Được phát hành: |
Madrid
Díaz de Santos
2004
|
| Những chủ đề: | |
| Các nhãn: |
Thêm thẻ
Không có thẻ, Là người đầu tiên thẻ bản ghi này!
|
MARC
| LEADER | 00000nam a2200000 a 4500 | ||
|---|---|---|---|
| 001 | UCK6271 | ||
| 003 | CL-VaPUC | ||
| 008 | 050909e20040000SP |||||||||||||||||spa|d | ||
| 020 | |a 8479786663 | ||
| 082 | 0 | 4 | |a 519.56 |b PRI |2 21 |
| 100 | 0 | |a Prieto Valiente, Luis |e author |9 495364 | |
| 700 | 0 | |a Herranz Tejedor, Inmaculada |e author |9 495365 | |
| 245 | 1 | 0 | |a Qué significa -estadísticamente significativo-?: la falacia del criterio del 5 por ciento en la investigación científica |
| 300 | |a 172 p | ||
| 942 | |c BK | ||
| 945 | |d 20050909 00:00:00 |a jcarroza | ||
| 260 | |a Madrid |b Díaz de Santos |c 2004 | ||
| 650 | 7 | |a HIPOTESIS |2 CL-VaPUC |9 495366 | |
| 650 | 0 | |a Estadísticas |9 258644 | |
| 650 | 0 | |a Probabilidad |9 349606 | |
| 650 | 0 | |a Investigación científica |9 259857 | |
| 583 | |a last modification |c 20050909 00:00:00 |k Rodrigo Vera | ||
| 999 | |c 314570 |d 314568 | ||
| 952 | |0 0 |1 0 |4 0 |6 519_560000000000000_PRI_2004 |7 0 |8 A |9 386987 |a BIBGIM |b BIBGIM |d 2019-11-22 |i 4157494 |o 519.56 PRI 2004 |p 4157494 |r 2025-01-15 |w 2019-11-22 |y BK |k EST | ||